Riconosci le Bandiere sbagliate - Asia - Quiz n°1 - Statistics

Statistiche generali
  • Questo quiz è stato fatto 21 volte
  • Il punteggio medio è 21 su 30
Statistiche sulle risposte
Domanda Casella Select % Corretto
tutte le bandiere sbagliate
100%
tutte le bandiere sbagliate No
100%
tutte le bandiere sbagliate No
95%
tutte le bandiere sbagliate No
95%
tutte le bandiere sbagliate No
95%
tutte le bandiere sbagliate No
90%
tutte le bandiere sbagliate No
90%
tutte le bandiere sbagliate No
90%
tutte le bandiere sbagliate No
90%
tutte le bandiere sbagliate No
90%
tutte le bandiere sbagliate
85%
tutte le bandiere sbagliate No
85%
tutte le bandiere sbagliate No
85%
tutte le bandiere sbagliate
85%
tutte le bandiere sbagliate No
85%
tutte le bandiere sbagliate No
85%
tutte le bandiere sbagliate No
80%
tutte le bandiere sbagliate No
80%
tutte le bandiere sbagliate No
80%
tutte le bandiere sbagliate
75%
tutte le bandiere sbagliate
75%
tutte le bandiere sbagliate No
65%
tutte le bandiere sbagliate No
65%
tutte le bandiere sbagliate
45%
tutte le bandiere sbagliate
40%
tutte le bandiere sbagliate
30%
tutte le bandiere sbagliate
15%
tutte le bandiere sbagliate
10%
tutte le bandiere sbagliate
5%
tutte le bandiere sbagliate
0%
Nessun quiz corrispondente trovato
Distribuzione punteggi
Percentuale di utenti per punteggio
Percentile per numero di risposta
I tuoi punteggi nel tempo
Non hai fatto questo quiz